| Tag |
First Indicator |
Second Indicator |
Subfields |
| LEADER |
00000cas a2200000 a 4500 |
| 001 |
in00002785260 |
| 005 |
20150922151735.0 |
| 006 |
m o d |
| 007 |
cr ||||||||||| |
| 008 |
030122c19899999ne qr poo 0 a0eng d |
| 010 |
|
|
|a 2006242118
|
| 019 |
|
|
|a 50555993
|a 51321232
|a 51730171
|
| 022 |
|
|
|a 1570-0682
|l 0943-3058
|y 0943-3058
|
| 029 |
0 |
|
|a OCLCS
|b 10482
|
| 029 |
1 |
|
|a OCLCS
|b OP-844
|
| 029 |
1 |
|
|a AU@
|b 000040635962
|
| 029 |
1 |
|
|a NZ1
|b 12140131
|
| 029 |
1 |
|
|a AU@
|b 000044924531
|
| 029 |
1 |
|
|a AU@
|b 000045711701
|
| 035 |
|
|
|a (OCoLC)ocm51500968
|
| 035 |
|
|
|a (OCoLC)51500968
|z (OCoLC)50555993
|z (OCoLC)51321232
|z (OCoLC)51730171
|
| 037 |
|
|
|b Brill Academic Publisher, P.O. Box 9000, 2300 PA, Leiden, The Netherlands
|
| 040 |
|
|
|a F#A
|c F#A
|d OCLCQ
|d OCLCS
|d MYG
|d OCLCQ
|d TXA
|d UtOrBLW
|
| 042 |
|
|
|a lcd
|
| 049 |
|
|
|a TXAM
|
| 050 |
|
4 |
|a BL1
|b .M48 Electronic
|
| 082 |
0 |
4 |
|a 200
|
| 130 |
0 |
|
|a Method & theory in the study of religion (Online)
|
| 245 |
1 |
0 |
|a Method & theory in the study of religion.
|
| 246 |
3 |
|
|a Method and theory in the study of religion
|
| 264 |
|
1 |
|a [Leiden, the Netherlands] :
|b Brill Academic Publisher.
|
| 310 |
|
|
|a Quarterly
|
| 336 |
|
|
|a text
|b txt
|2 rdacontent
|
| 337 |
|
|
|a computer
|b c
|2 rdamedia
|
| 338 |
|
|
|a online resource
|b cr
|2 rdacarrier
|
| 362 |
1 |
|
|a Print began with: Vol. 1, no. 1 (spring 1989).
|
| 500 |
|
|
|a Description based on: Volume 14, number 1 (2002); title from journal information screen (viewed Jan. 20, 2003).
|
| 500 |
|
|
|a Latest issue consulted: Volume 18, number 2 (2006) (IngentaConnect, viewed Aug. 8, 2006).
|
| 538 |
|
|
|a Mode of access: World Wide Web.
|
| 500 |
|
|
|a Electronic resource.
|
| 650 |
|
0 |
|a Religion
|v Periodicals.
|
| 650 |
|
0 |
|a Religion
|x Research
|v Periodicals.
|
| 776 |
0 |
8 |
|i Print version:
|t Method & theory in the study of religion
|x 0943-3058
|w (DLC)sn 89018933
|w (OCoLC)20334559
|
| 936 |
|
|
|a Converted from ELvl 4 (OCLC)
|
| 948 |
|
|
|a cataloged
|b h
|c 2012/11/29
|d c
|e spoltoratski
|f 11:24:04 am
|g sc
|
| 994 |
|
|
|a C0
|b TXA
|
| 999 |
|
|
|a MARS
|
| 999 |
f |
f |
|s ecdef1b4-d5c5-34c1-b192-c982a773f5c2
|i 80d6d66f-6e1d-3819-b3d9-44e81b218ff2
|t 0
|
| 952 |
f |
f |
|a Texas A&M University
|b College Station
|c Electronic Resources
|d Available Online
|t 0
|e BL1 .M48
|g Electronic
|h Library of Congress classification
|
| 998 |
f |
f |
|a BL1 .M48
|t 0
|l Available Online
|